Statistics for Top 10 most important and famous people from Colombia

Click here to take the quiz!

General Stats

  • This quiz has been taken 33 times
  • The average score is 5 of 10

Answer Stats

HintAnswer% Correct
Female singer, Waka waka, LocaShakira
97%
Drug lord and narcoterrorist who was the founder and leader of the Medellín CartelPablo Escobar
84%
One of the greatest authors of the XX century, particularly in the Spanish language, winner of Nobel Prize in Literature in 1982Gabriel García Márquez
71%
Footballer who played in Real Madrid and Bayern MunichJames Rodriguez
71%
The greatest Colombian footballer, member of Colombia national football team from 1985 until 1998Carlos Valderrama
61%
Figurative artist and sculptor. His signature style depicts people and figures in large, exaggerated volume, which can represent political criticism or humorFernando Botero
29%
Reggaeton singer, Ginza, SigueJ Balvin
29%
Economist and journalist, winner of Nobel Peace Prize in 2016Juan Manuel Santos
29%
Leader during the Colombian independence war. He was President of Gran Colombia between 1819 and 1826, known as The Man of the LawsFrancisco de Paula Santander
16%
Philosopher one of the most radical critics of modernity whose work consists almost entirely of aphorismsNicolás Gómez Dávila
6%

Score Distribution

Percentile by Number Answered

Percent of People with Each Score

Your Score History

You have not taken this quiz